| 000 | 00508nam a2200133Ia 4500 | ||
|---|---|---|---|
| 008 | 160809s9999 xx 000 0 und d | ||
| 100 | _aLee, Melissa Ng. | ||
| 245 | _aEMPLOYMENT OF PEOPLE WITH DISABILITIES IN MALAYSIA: DRIVERS AND INHIBITORS | ||
| 245 | _cMelissa Ng Lee Yen Abdullah, See Ching Mey Universiti Sains Malaysia. | ||
| 260 | _bInternational Journal of Special Education | ||
| 260 | _c2011 | ||
| 650 | _xSPECIAL EDUCATION | ||
| 856 | _uhttp://www.internationaljournalofspecialed.com/issues.php | ||
| 999 |
_c300468 _d300468 |
||